Catálogo

CONVERSAR ES VENDER (Registro nro. 12270)

Detalles MARC
000 -LEADER
fixed length control field 00437nam a2200157 a 4500
001 - CONTROL NUMBER
control field 12270
005 - DATE AND TIME OF LATEST TRANSACTION
control field 20180713200525.0
008 - FIXED-LENGTH DATA ELEMENTS--GENERAL INFORMATION
fixed length control field 140415s1987 000 0 spa d
041 ## - LANGUAGE CODE
Language code of text/sound track or separate title spa
082 ## - DEWEY DECIMAL CLASSIFICATION NUMBER
Classification number 658.812
Item number SAA
100 1# - MAIN ENTRY--PERSONAL NAME
Personal name SAAD, ANTONIO MIGUEL
245 10 - TITLE STATEMENT
Title CONVERSAR ES VENDER
260 ## - PUBLICATION, DISTRIBUTION, ETC.
Place of publication, distribution, etc. [s.l.] :
Name of publisher, distributor, etc. CECSA,
Date of publication, distribution, etc. 1987
300 ## - PHYSICAL DESCRIPTION
Extent 222
650 14 - SUBJECT ADDED ENTRY--TOPICAL TERM
Topical term or geographic name entry element VENDEDORES Y ARTE DE VENDER
General subdivision VENTAS
-- DIRECCION Y ADMINISTRACION
Existencias
Withdrawn status Lost status Source of classification or shelving scheme Damaged status Not for loan Home library Current library Shelving location Date acquired Source of acquisition Total Checkouts Full call number Barcode Price effective from Koha item type Collection code Inventory number Total Renewals Date last seen Date last checked out
  Extraviado Dewey Decimal Classification     Biblioteca Karol Wojtyla Biblioteca Karol Wojtyla   03/12/2013 Compra   658.812 SAA 28155 03/12/2013 Libro          
    Dewey Decimal Classification     Biblioteca Karol Wojtyla Biblioteca Karol Wojtyla Sala general 03/12/2013 Compra 2 658.812 SAA 28154 03/12/2013 Libro General 151000000000000000029743 2 05/01/2026 22/07/2019